Устройство для перегрузки ампул с отработавшим ядерным топливом реактора РБМК-1000

Bibliographische Detailangaben
Körperschaft: Горно-химический комбинат (ГХК)
Weitere Verfasser: Гаврилов П. М. Петр Михайлович, Кравченко В. А. Вадим Альбертович, Гамза Ю. В. Юрий Вячеславович, Бараков Б. Н. Борис Николаевич, Ильиных Ю. С. Юрий Сергеевич, Белозёров С. Г. Станислав Геннадьевич
Zusammenfassung:опубл. 27.05.13
Изобретение относится к ядерной технике, в частности к групповой перегрузке ампул с отработавшим ядерным топливом реактора РБМК - 1000 из транспортного чехла в пеналы.
Sprache:Russisch
Veröffentlicht:
Schlagworte:
Online-Zugang:http://www.fips.ru/Archive/PAT/2013FULL/2013.05.27/DOC/RUNWC1/000/000/002/483/374/document.pdf
Format: Elektronisch Buch
KOHA link:https://koha.lib.tpu.ru/cgi-bin/koha/opac-detail.pl?biblionumber=648070

MARC

LEADER 00000nlm0a2200000 4500
001 648070
005 20231214154049.0
029 1 0 |a RU  |b 2483374  |c Пат.  |d МПК G 21 C 19/06 
035 |a (RuTPU)RU\TPU\network\13227 
035 |a RU\TPU\network\13226 
039 0 |a RU  |b 2012108303/07  |c 20120305 
090 |a 648070 
100 |a 20160506j20130527k y0rusy50 ca 
101 0 |a rus 
102 |a RU 
105 |a a k 000zy 
135 |a drgn ---uucaa 
181 0 |a i  
182 0 |a b 
200 1 |a Устройство для перегрузки ампул с отработавшим ядерным топливом реактора РБМК-1000  |f П. М. Гаврилов [и др.]  |g Горно-химический комбинат (ГХК) 
203 |a Текст  |c электронный 
300 |a опубл. 27.05.13 
330 |a Изобретение относится к ядерной технике, в частности к групповой перегрузке ампул с отработавшим ядерным топливом реактора РБМК - 1000 из транспортного чехла в пеналы. 
610 1 |a патенты 
610 1 |a труды учёных ТПУ 
610 1 |a электронный ресурс 
610 1 |a изобретения 
610 1 |a перегрузки 
610 1 |a отработавшее ядерное топливо 
610 1 |a ОЯТ 
610 1 |a реакторы 
610 1 |a РБМК-1000 
610 1 |a ядерная техника 
701 1 |a Гаврилов  |b П. М.  |c специалист в области атомной энергетики  |c профессор Томского политехнического университета, доктор технических наук  |f 1960-  |g Петр Михайлович  |3 (RuTPU)RU\TPU\pers\27697  |9 12771 
701 1 |a Кравченко  |b В. А.  |g Вадим Альбертович 
701 1 |a Гамза  |b Ю. В.  |g Юрий Вячеславович 
701 1 |a Бараков  |b Б. Н.  |g Борис Николаевич 
701 1 |a Ильиных  |b Ю. С.  |g Юрий Сергеевич 
701 1 |a Белозёров  |b С. Г.  |g Станислав Геннадьевич 
712 0 2 |a Горно-химический комбинат (ГХК) 
801 1 |a RU  |b 63413507  |c 20120201 
801 2 |a RU  |b 63413507  |c 20160506  |g RCR 
856 4 |u http://www.fips.ru/Archive/PAT/2013FULL/2013.05.27/DOC/RUNWC1/000/000/002/483/374/document.pdf 
942 |c CF